| 000 | 01081cam a2200313 a 4500 | ||
|---|---|---|---|
| 001 | 1598 | ||
| 005 | 20250113112126.0 | ||
| 020 | _a9780439721257 | ||
| 040 |
_aDLC _cDLC _dDLC _beng |
||
| 050 | 0 | 0 | _aPS586.A46 |
| 082 | 0 | 0 | _a811.00809282 |
| 100 | _aHollander, John | ||
| 245 | 0 | 0 |
_aAmerican poetry / _cEdited by John Hollander ; Illustrated by Sally Wern Comport |
| 250 | _aFirst Scholastic printing, November 2004 | ||
| 260 |
_aNew York : _bScholastic, _c2004 |
||
| 300 |
_a30 unnumbered pages : _bcolor illustrations ; _c26 cm |
||
| 490 | _aPoetry for young people | ||
| 500 | _aIncludes index. | ||
| 505 | _aZ | ||
| 520 | _aContains a collection of poetry that spans two centuries and provides a diverse point of view of American life. | ||
| 521 |
_a1100
_bLexile |
||
| 521 |
_aZ
_bRaz-Plus |
||
| 650 | 0 | _aChildren's poetry, American. | |
| 650 | 0 | _aYoung adult poetry, American. | |
| 650 | 1 |
_aAmerican poetry _vCollections. |
|
| 700 | 1 |
_aComport, Sally Wern _eillustrator |
|
| 906 |
_a7 _bcbc _corignew _d1 _eecip _f20 _gy-gencatlg |
||
| 942 |
_2ddc _cBK _n0 |
||
| 999 |
_c1598 _d1598 |
||